00553nam a2200157 a 4500008004100000050002500041110004700066245004900113260005800162300001500220350000900235362002700244650003200271650002300303710006900326150331s1994 ||||||||||||||||| || u aGOV.ZAM(05)QEES/1994 aGovernment of the Republic of Zambia (GRZ)10aQuarterly employment and earnings statistics aLusakabCentral Statistical Office (CSO)-Zambiac1994 a18p.: ill. a0.001 aAlso available is 1994 aINCOME DISTRIBUTION--ZAMBIA aEMPLOYMENT--ZAMBIA aGovernment of the Republic of Zambia. Central Statistical Office